000 00446nam a2200169Ia 4500
008 240729s9999 xx 000 0 und d
022 _a2336-1964
245 0 _aEuropean Journal of Environmental Sciences
260 _aCzechia
260 _bKarolinum Press
650 _a Biology (General)
650 _a Ecology
650 _aScience
856 _uhttps://doaj.org/toc/8deeee020d444917a61b4f7461c0a5e4
942 _2ddc
942 _cDOAJEJ
999 _c70569
_d70569
945 _a1
_bMadushi Gamage
_c1
_dMadushi Gamage